ბათუმის შოთა რუსთაველის სახელმწიფო უნივერსიტეტის ბიბლიოთეკა

გზა-სავალი :საბავშვო მოთხრობები (ბიბ.ჩანაწერი № 50142)

000 -LEADER
fixed length control field 01002nam a2200229Ia 4500
001 - CONTROL NUMBER
control field 17080
003 - CONTROL NUMBER IDENTIFIER
control field GE_BSU
008 - FIXED-LENGTH DATA ELEMENTS--GENERAL INFORMATION
fixed length control field 181216s||||||||xx |||||||||||||| ||und||
040 ## - CATALOGING SOURCE
Transcribing agency GE_BSU
080 ## - UNIVERSAL DECIMAL CLASSIFICATION NUMBER
Universal Decimal Classification number 82-93:821.161.1-32
100 ## - MAIN ENTRY--PERSONAL NAME
Personal name შოლოხოვი, მ. (1905-1984)
245 ## - TITLE STATEMENT
Title გზა-სავალი :საბავშვო მოთხრობები
245 ## - TITLE STATEMENT
Statement of responsibility, etc. მთარგმნ. ა. ჭუმბაძე ; ილ.: გ. თოთიბაძე
260 ## - PUBLICATION, DISTRIBUTION, ETC.
Place of publication, distribution, etc. თბილისი
260 ## - PUBLICATION, DISTRIBUTION, ETC.
Name of publisher, distributor, etc. ნაკადული
260 ## - PUBLICATION, DISTRIBUTION, ETC.
Date of publication, distribution, etc. 1964
300 ## - PHYSICAL DESCRIPTION
Extent 118გვ. : ილ. ; 20სმ
653 ## - INDEX TERM--UNCONTROLLED
Uncontrolled term გზა-სავალი
653 ## - INDEX TERM--UNCONTROLLED
Uncontrolled term თქვენი ერთგული თანამგზავრი. თავხედი ბიჭუნა. - გზა-სავალი. - მწყემსი. - დავიდოვი და ფედოტკა
653 ## - INDEX TERM--UNCONTROLLED
Uncontrolled term საბავშვო მოთხრობები
942 ## - ADDED ENTRY ELEMENTS (KOHA)
Koha item type წიგნი
ეგზემპლარები
Withdrawn status Lost status Damaged status Not for loan Date acquired Barcode Date last seen Price effective from Koha item type
        2018-12-17 21569 2018-12-17 2018-12-17 წიგნი
        2018-12-17 21570 2018-12-17 2018-12-17 წიგნი
        2018-12-17 21571 2018-12-17 2018-12-17 წიგნი
        2018-12-17 21572 2018-12-17 2018-12-17 წიგნი